LEADER 06701nam 22008295 450 001 9910564687303321 005 20260212111902.0 010 $a3-030-98297-1 024 7 $a10.1007/978-3-030-98297-3 035 $a(MiAaPQ)EBC6961655 035 $a(Au-PeEL)EBL6961655 035 $a(CKB)21605791700041 035 $a(PPN)262170817 035 $a(OCoLC)1312727799 035 $a(DE-He213)978-3-030-98297-3 035 $a(EXLCZ)9921605791700041 100 $a20220423d2022 u| 0 101 0 $aeng 135 $aurcnu|||||||| 181 $ctxt$2rdacontent 182 $cc$2rdamedia 183 $acr$2rdacarrier 200 10$aDisaster Nursing, Primary Health Care and Communication in Uncertainty /$fedited by Sakiko Kanbara, Shoko Miyagawa, Hiroyuki Miyazaki 205 $a1st ed. 2022. 210 1$aCham :$cSpringer International Publishing :$cImprint: Springer,$d2022. 215 $a1 online resource (335 pages) 225 1 $aSustainable Development Goals Series,$x2523-3092 311 08$aPrint version: Kanbara, Sakiko Disaster Nursing, Primary Health Care and Communication in Uncertainty Cham : Springer International Publishing AG,c2022 9783030982966 320 $aIncludes bibliographical references. 327 $aPart 1: Global health and Care for Disaster Risk Reduction -- 1. Disaster Nursing for Sustainable Community -- 2. Disaster and global health issues -- 3. Challenges of Global Health with Nursing -- 4. Care for Disaster Risk Reduction -- 5. Disaster health in shelters in Japan -- 6. Research of Disaster Nursing in Japan 2005-2020 -- 7. Nursing Experience on disaster and health emergency -- 8. The Sendai Framework and the Bangkok Principles for Nurses -- 9. History of the Development of Competencies for Disaster Nursing -- 10. Capacity Development and the Instructional Design for Achievement Goal -- 11. Nursing Research on Disaster -- Part 3: Fostering Care in Sustainable Community -- 12. Needs of Cultivating Seamless and Individual Care -- 13. Primary Health Care (PHC), Disaster Risk Reduction (DRR) and Role of a local nurse -- 14. Key Players of Cross-Sectoral Collaboration in DRR -- 15. Roles, Rules, and Tools for National Humanitarian Networks on H-EDRM -- 16. Community resilience, disaster nursing and the UN Sustainable Development Goals -- 17. Caring Ecosystems for Area-Capability -- 18. Big challenge for SDGs: Case Study: COVID-19 -- Part 4: Assesing Care for DIsasser RIsk Reduction -- 19. Quantative approach for Assesment Health in Disaster -- 20. Qualitative Approaches to Investigating Health in Disaster: Cases from Nepal and Japan -- 21. Chronological Approach for Disaster Response and Monitoring -- 22. Introduction to EpiNurse -- Part 5:Decision making for people centered H-EDRM -- 23. Risk-based / System-based approach for people centered H-EDRM -- 24. Personal Life Records for Health Decision-Making in Disaster Situations -- 25. Management of Health and Disaster-related Data -- 26. Geographic Information System -- 27. Designing decision support systems in DRR -- 28. Case studies of ICT/ GIS Application for DRR - Way to Forward : Challenges,Ethics -- 29. Locality and Caring in Uncertainty -- 30. Care for Disaster Risk Reduction and Communication: Lessons Learned and Way to Forward. 330 $aThe primary aim of this textbook is to contribute towards the promotion of human security by educating nurses with a profound understanding of disaster nursing and to conduct innovative research and practices in cooperation. This textbook emphasizes on multi-professional connections; offers knowledge on how Japanese disaster nursing got evolved in changing social contexts and provides various case studies that reflect wonderful practices in the disaster nursing field which have contributed to the Sendai Framework for Disaster Risk Reduction, the UN Sustainable Development Goals, and sustainable human security. Frequent disasters have triggered the need for more trans-disciplinary work, high-level care throughout all phases of a disaster event, and the need for nursing leaders. Apart from hospitals, in local communities, nurses can take a role to mitigate health risks. Being a member of every part of the healthcare system, they can become critically needed leaders in emergency management and disaster preparedness. This work includes a DRR Framework and the application to disaster nursing, information on preparedness and community resilience and on the related disciplines and coordination with disaster nursing. It informs on the challenges in disaster nursing, offers instructional design, education development and research in disaster nursing. Students, professional nurses, clinicians, community health practitioners, health volunteers, disaster support organizations, researchers, and community partners who are involved in the care of disaster survivors can use this resource. Written by distinguished experts with diverse backgrounds of nursing, public health, health informatics, and geography, this book shows how practitioners, researchers, policymakers, and multiple community stakeholders who can collaborate effectively and efficiently to restore primary health care of survivors after a local disaster. 410 0$aSustainable Development Goals Series,$x2523-3092 606 $aNursing 606 $aEmergency medical services 606 $aMedical care 606 $aMedical ethics 606 $aMedical informatics 606 $aEducational technology 606 $aNursing 606 $aEmergency Services 606 $aHealth Care 606 $aMedical Ethics 606 $aHealth Informatics 606 $aDigital Education and Educational Technology 606 $aInfermeria d'urgència$2thub 606 $aMedicina de catàstrofes$2thub 608 $aLlibres electrònics$2thub 615 0$aNursing. 615 0$aEmergency medical services. 615 0$aMedical care. 615 0$aMedical ethics. 615 0$aMedical informatics. 615 0$aEducational technology. 615 14$aNursing. 615 24$aEmergency Services. 615 24$aHealth Care. 615 24$aMedical Ethics. 615 24$aHealth Informatics. 615 24$aDigital Education and Educational Technology. 615 7$aInfermeria d'urgència 615 7$aMedicina de catàstrofes 676 $a610.7349 702 $aKanbara$b Sakiko 702 $aMiyagawa$b Shoko 702 $aMiyazaki$b Hiroyuki 801 0$bMiAaPQ 801 1$bMiAaPQ 801 2$bMiAaPQ 906 $aBOOK 912 $a9910564687303321 996 $aDisaster nursing, primary health care and communication in uncertainty$92968808 997 $aUNINA